MARC

LEADER 00000nab a2200000 a 4500
001 vtls011567688
003 SK-MaSNL
005 20260304074752.0
008 190503c2016 xo mr p 000 c0ukr
015 |a SNBRB2016/07 
038 |a SVKPOCL 
040 |a SVKPOCL  |b slo  |c SVKPOCL  |e AACR2 
041 0 |a ukr 
044 |a xo  |c SK 
080 |a 80(=16)+908(4)  |2 2011 
080 |a 80(=161.2)+908(477)  |2 2011 
080 |a 821.161.2  |2 2011 
080 |a 821.161.2-1  |2 2011 
080 |a 821.161.2-93  |2 2011 
100 1 |a Poznans'ka, Marija,  |d 1917-1995  |4 aut  |9 927183 
245 1 0 |a Chmarka  |c Marija Poznans'ka 
650 0 7 |a ukrajinská literatúra  |2 svkpocl  |9 1218 
650 0 7 |a ukrajinská poézia  |2 svkpocl  |9 59029 
650 0 7 |a slavistika  |2 svkpocl  |9 4282 
650 0 7 |a ukrajinistika  |2 svkpocl  |9 51200 
650 0 7 |a literatúra pre deti a mládež  |2 svkpocl  |9 21893 
651 7 |a Ukrajina  |2 svkpocl  |9 168045 
655 7 |a ukrajinské básne  |2 svkpocl  |9 1096626 
773 0 |t Veselka  |g Roč. 63, č. 9 (2015/2016), s. 8 
852 |a SVKPO  |b KIS3GCP 
856 4 1 |u www.rusini-ukrajinci.tym.sk 
958 |a UK 
958 |a LX 
958 |a UA 
958 |a NM 
958 |a SS 
958 |a SK 
999 |c 2777913  |d 2779843